LEADER 01407nas 2200409- 450 001 996500072203316 005 20240204213017.0 011 $a2664-6153 035 $a(OCoLC)1355227763 035 $a(CKB)2660000000039903 035 $a(CONSER)--2023242607 035 $a(EXLCZ)992660000000039903 100 $a20170808a20029999 o-- - 101 0 $aukr 135 $aur||||||||||| 181 $ctxt$2rdacontent 182 $cc$2rdamedia 183 $acr$2rdacarrier 200 00$aNaukovy? visnyk Uz?hhorods?koho nat?sional?noho universytetu$iSerii?a pravo 210 1$aUz?hhorod :$cMinisterstvo osvity i nauky Ukraïny derz?havny? vyshchy? navchal?ny? zaklad "Uz?hhorods?ky? nat?sional?ny? universytet" I?Urydychny? fakul?tet 215 $a1 online resource 300 $aRefereed/Peer-reviewed 311 $a2307-3322 517 1 $aUzhhorod National University Herald. 517 3 $aSerii?a pravo 517 3 $aSeries law 517 3 $aPravo 531 1 $aNauk. vìsn. U?gor. nac. unìv., Ser. Pravo 606 $aLaw$vPeriodicals 606 $aLaw$zUkraine$vPeriodicals 615 0$aLaw 615 0$aLaw 712 02$aUz?hhorods?ky? nat?sional?ny? universytet.$bI?Urydychny? fakul?tet, 906 $aJOURNAL 912 $a996500072203316 996 $aNaukovy? visnyk Uz?hhorods?koho nat?sional?noho universytetu$93656324 997 $aUNISA